000 00829nam a22002177a 4500
003 UA-OsUOA
001 83658
007 ta
008 20120424b un ||||| |||| 00| 0 ukr d
100 _aНазайктн А.Н.
090 _a659
_bН19
942 _cSA
040 _aUA-OsUOA
_brus
_cUA-OsUOA
_dUA-OsUOA
245 _aНовые подходы к повышению эффективности рекламного текста в СМИ
300 _aС.119-131
955 _a0
041 _arus
080 _a659
773 0 _w83652
_tВестник Московского университета. Серия 10. Журналистика
_dМ.
_d2011
_g5
650 7 _a659 Реклама. Система інформації. Громадська інформація та реклама (Паблик-Рилейшнз)
_2UDC
999 _c369971
_d369971